Funkcia a efektívnosť dopravy v logistike

Integrácia a optimalizácia reťazcov základných podnikových funkcií. Sieť dopravných komunikácií, prepojenosť spoločnými dopravnými uzlami, možnosti prechodu z jedného druhu dopravy na druhý. Požiadavky na vstup logistických koncepcií do riadenia činnosti podnikov. Alternatívne riešenia logistiky.

Gespeichert in:
Bibliographische Detailangaben
1. Verfasser: Boorová, Brigita, 1979-
Weitere Verfasser: Gubová, Klaudia, 1986-
Format: Buchkapitel
Sprache:Slowakisch
Schlagworte:
Tags: Tag hinzufügen
Keine Tags, Fügen Sie das erste Tag hinzu!

MARC

LEADER 00000nla a2200000 4500
001 0163573
005 20240502072837.8
041 0 |a slo 
044 |a SK 
245 1 0 |a Funkcia a efektívnosť dopravy v logistike  |c Brigita Boorová, Klaudia Gubová 
520 |a Integrácia a optimalizácia reťazcov základných podnikových funkcií. Sieť dopravných komunikácií, prepojenosť spoločnými dopravnými uzlami, možnosti prechodu z jedného druhu dopravy na druhý. Požiadavky na vstup logistických koncepcií do riadenia činnosti podnikov. Alternatívne riešenia logistiky. 
610 2 0 |a doprava 
610 2 0 |a logistika 
610 2 0 |a reťazce logistické 
610 2 0 |a centrá logistické 
610 2 0 |a systémy integrované dopravné 
610 2 0 |a doprava kombinovaná 
610 2 0 |a preprava 
100 1 |a Boorová, Brigita, 1979- 
700 1 |a Gubová, Klaudia, 1986-